ARRUPE JESUIT UNIVERSITY

CORONAVIRUS -STOP THE SPREAD - CLEAN,DISINFECT,COVER

My pride and joy / (Record no. 124398)

MARC details
000 -LEADER
fixed length control field 00731pam a2200253 a 4500
001 - CONTROL NUMBER
control field 1462254
003 - CONTROL NUMBER IDENTIFIER
control field ARRUPE
005 - DATE AND TIME OF LATEST TRANSACTION
control field 20160321111814.0
008 - FIXED-LENGTH DATA ELEMENTS--GENERAL INFORMATION
fixed length control field 861015s1987 nyuaf 001 0aeng
010 ## - LIBRARY OF CONGRESS CONTROL NUMBER
LC control number 86026324
020 ## - INTERNATIONAL STANDARD BOOK NUMBER
International Standard Book Number 0671624970 :
Terms of availability $19.95
040 ## - CATALOGING SOURCE
Original cataloging agency DLC
Transcribing agency DLC
Modifying agency DLC
050 00 - LIBRARY OF CONGRESS CALL NUMBER
Classification number QL31.A32
Item number A3 1987
082 00 - DEWEY DECIMAL CLASSIFICATION NUMBER
Classification number 590/.92/4
-- B
Edition number 19
300 ## - PHYSICAL DESCRIPTION
Dimensions 25 cm.
100 1# - MAIN ENTRY--PERSONAL NAME
Personal name Adamson, George,
Dates associated with a name 1906-
9 (RLIN) 23024
245 10 - TITLE STATEMENT
Title My pride and joy /
Statement of responsibility, etc George Adamson.
260 ## - PUBLICATION, DISTRIBUTION, ETC. (IMPRINT)
Place of publication, distribution, etc London:
Name of publisher, distributor, etc Collins Harvill,
Date of publication, distribution, etc c1988.
300 ## - PHYSICAL DESCRIPTION
Extent 298p. :
500 ## - GENERAL NOTE
General note Includes index.
600 10 - SUBJECT ADDED ENTRY--PERSONAL NAME
Personal name Adamson, George,
Dates associated with a name 1906-1989.
9 (RLIN) 23025
600 10 - SUBJECT ADDED ENTRY--PERSONAL NAME
Personal name Adamson, Joy.
9 (RLIN) 10510
906 ## - LOCAL DATA ELEMENT F, LDF (RLIN)
a 7
b cbc
c orignew
d 1
e ocip
f 19
g y-gencatlg
942 ## - ADDED ENTRY ELEMENTS (KOHA)
Source of classification or shelving scheme Library of Congress Classification
Koha item type Monograph ( Printed materials)
Holdings
Withdrawn status Lost status Source of classification or shelving scheme Damaged status Not for loan Collection code Home library Current library Shelving location Date acquired Total Checkouts Full call number Barcode Date last seen Price effective from Koha item type
    Library of Congress Classification     Main Collection ARRUPE LIBRARY ARRUPE LIBRARY Main Collection 21/03/2016   QL31.A32 A3 1988 46500006624 02/07/2019 21/03/2016 Monograph ( Printed materials)

 

Arrupe Library. PO Box MP320 Mt Pleasant, Harare, Zimbabwe
263 242 745411|librarian@aju.ac.zw